=LDR 00000nam 2200000 4500 =001 INLIS000000000003778 =005 20130612092059 =008 ***********************************Ind** =035 ##$$0010-061300000003778 =041 ##$$a Ind =082 ##$$a 604 =090 ##$$a 604, Pan t =100 ##$$a Panati, Charles =245 ##$$a Terobosan dalam bidang teknologi, Charles Panati; penerjemah, Arman Tarmizi =260 ##$$a 1989 $b Bandung =300 ##$$a xi, 99 hlm., ilus., 21 cm =650 ##$$a Teknologi umum =700 ##$$a Tarmizi, Arman =850 ##$$a NBPNMAT